Cliquez sur les pays d'Amérique du Sud sur une carte - Statistiques

Statistiques générales
  • Ce quiz a été pris 1 417 fois
  • Le résultat moyen est 10 sur 12
Réponses sur la Carte
Les réponses sont colorées sur une échelle allant du rouge au vert en fonction du pourcentage des utilisateurs qui les ont devinées à leur premier essai. Vous pouvez retrouver ces pourcentages ci-dessous.
 
Statistiques - réponses
Réponse % Correct
Brésil
96%
Argentine
93%
Chili
92%
Colombie
86%
Pérou
86%
Equateur
85%
Venezuela
85%
Bolivie
81%
Paraguay
81%
Uruguay
80%
Suriname
78%
Guyana
76%
Aucun quiz correspondant
Distribution des résultats
% des personnes avec chaque résultat
Percentile par nombre de réponses
Votre historique - résultats
Vous n’avez pas pris ce quiz